000 00669nam a2200241Ia 4500
001 dia_973
003 CHAP
005 20230119104108.0
008 220117s1963 xx 000 0 und d
010 _a171520
040 _cCHAP
082 _a338.1 P395 1963
100 _aPawley, Walter H.
_986315
245 _aEl abastecimiento mundial : posibilidades de aumento /
_c Walter H. Pawley
260 _aItalia :
_b FAO,
_c1963
300 _aix, 249 p.
503 _aC/e
650 _aAbastecimiento mundial
_9149668
901 _a338.1 P395 1963
902 _aM
905 _a0000001963 it bdmn0000000000spa00
942 _cLIBRO
_2ddc
999 _c171520
_d171520